000 00769nam a2200205Ii 4500
003 JO-AjNU
008 230605s9999||||xx |||||||||||||| ||und||
040 _aJO-AjNU
_bara
_erda
_cJO-AjNU
041 _aara
050 1 4 _aK736.2011
100 3 _aمحمد، عبد الحميد عثمان,
_eauthor
_952984
245 0 0 _aالمفيد في شرح القانون المدني البحريني : أحكام حق الملكية والتأمينات العينية
250 _aط1
264 3 1 _aالبحرين : جامعة البحرين ، 2000
300 _a655ص
336 _atext
_btxt
_2rdacontent
337 _aunmediated
_bn
_2rdamedia
338 _avolume
_bnc
_2rdacarrier
650 4 _aالملكية -- قوانين وتشريعات -- البحرين
_952985
999 _aA23503
_c27071
_d27071